| 000 | 00518nam a2200205 i 4500 | ||
|---|---|---|---|
| 001 | 44273 | ||
| 003 | ES-MaACL | ||
| 005 | 20250725062532.0 | ||
| 007 | t| | ||
| 008 | 030321s1969 sp ||||1| spa d | ||
| 080 | _a53 | ||
| 100 | 1 |
_aCivit Breu, A. _938962 |
|
| 245 | 1 | 0 |
_aLecciones de física. _n2 / _cA. Civit Breu. |
| 260 |
_aBadajoz : _bDoncel, _c1969. |
||
| 300 |
_a1 v. ; _c27 cm. |
||
| 505 | 8 | _aContiene: V. 2 | |
| 650 | 7 |
_aFísica _2embne _912877 |
|
| 852 | 4 |
_aES-MaACL _jP-1481 |
|
| 999 |
_c44273 _d44273 |
||